000 00797nam a2200217 i 4500
001 185156
003 ES-MaACL
005 20250903084345.0
008 160331s1901 fr |||| | fre d
245 0 0 _aLibrairie H. Welter :
_bCatalogue général, tomo premier.
260 _aParis :
_bH. Welter,
_c[1901]
300 _a1 vol. (pag. var.) ;
_c25 cm.
505 8 _aContiene los catálogos nºs: 89, 90, 92, 93, 94, 95, 115, 118
610 2 4 _aLibrairie H. Welter-
_vCatálogos.
_9159257
650 4 _aCatálogos de editores-
_zFrancia
_912068
650 7 _aCatálogos de editores-
_yS.XX
_2
_9169795
651 4 _aFrancia-
_vBibliografías.
_9159254
710 2 _aLibrairie H. Welter.
_9159255
852 _aES-MaACL
_jT-967-F-1
_z.- Enc. en un vol. facticio
999 _c185156
_d185156